Wiring regulations in brief

Na minha lista:
Detalhes bibliográficos
Autor principal: TRICKER, Ray
Formato: Livro
Idioma:inglês
Publicado em: Routledge 2021
Tags: Adicionar Tag
Sem tags, seja o primeiro a adicionar uma tag!

MARC

LEADER 00000nam a22000007a 4500
008 240715b |||||||| |||| 00| 0 eng d
020 |a 9780367431983 
100 |a TRICKER, Ray 
245 |a Wiring regulations in brief  |c /Ray Tricker  |g xxiv,617p: ill 
250 |c 4th 
260 |b Routledge  |c 2021  |h New York  |i 702353  |i 702354  |l TK3271.T73  |m Electric wiring, Interior -Handbooks, manuals etc  |m Electric wiring, Interior- Standards 
500 |a it includes index 
942 |a lcc  |c BK  |e Johnson  |f 15/07/24 
952 |0 0  |1 0  |2 lcc  |4 0  |6 TK3271 T73  |7 0  |9 5398  |a TL  |b HOL  |c QZ  |d 2024-07-15  |l 0  |o TK3271.T73  |p 2024-0639  |r 2024-07-15 00:00:00  |t 702353  |w 2024-07-15  |y BK 
952 |0 0  |1 0  |2 lcc  |4 0  |6 TK3271 T73  |7 0  |9 5399  |a HOL  |b HOL  |c QZ  |d 2024-07-15  |l 0  |o TK3271.T73  |p 2024-0640  |r 2024-07-15 00:00:00  |t 702354  |w 2024-07-15  |y BK 
999 |c 2670  |d 2670